اپنی تلاش Apni Talash / (Record no. 592720)

000 -LEADER
fixed length control field 00328nam a22001217a 4500
040 ## - CATALOGING SOURCE
Transcribing agency NUST
082 ## - DEWEY DECIMAL CLASSIFICATION NUMBER
Classification number 150.1986
Author Mark SHA
100 ## - MAIN ENTRY--PERSONAL NAME
Personal name Shah, Qasim Ali
9 (RLIN) 12591
245 ## - TITLE STATEMENT
Title اپنی تلاش Apni Talash /
Statement of responsibility, etc. Qasim Ali Shah قاسم علی شاہ
260 ## - PUBLICATION, DISTRIBUTION, ETC.
Place of publication, distribution, etc. Lahore :
Name of publisher, distributor, etc. Nai Soch,
Date of publication, distribution, etc. 2017.
300 ## - PHYSICAL DESCRIPTION
Extent 176 p
942 ## - ADDED ENTRY ELEMENTS (KOHA)
Source of classification or shelving scheme
Koha item type Book Bank
Holdings
Withdrawn status Lost status Source of classification or shelving scheme Damaged status Not for loan Permanent Location Current Location Shelving location Date acquired Total Checkouts Full call number Barcode Date last seen Date last checked out Price effective from Koha item type Total Renewals
          School of Mechanical & Manufacturing Engineering (SMME) School of Mechanical & Manufacturing Engineering (SMME) Book Bank 12/16/2022 1 150.1986 SHA SMME-BB647 10/16/2023 09/14/2023 12/16/2022 Book Bank  
          School of Mechanical & Manufacturing Engineering (SMME) School of Mechanical & Manufacturing Engineering (SMME)   12/16/2022 1 150.1986 SHA SMME-BB648 01/31/2025 01/30/2025 12/16/2022 Book Bank  
          School of Mechanical & Manufacturing Engineering (SMME) School of Mechanical & Manufacturing Engineering (SMME)   12/16/2022   150.1986 SHA SMME-BB649 12/16/2022   12/16/2022 Book Bank  
          School of Mechanical & Manufacturing Engineering (SMME) School of Mechanical & Manufacturing Engineering (SMME)   12/16/2022   150.1986 SHA SMME-BB650 12/16/2022   12/16/2022 Book Bank  
          School of Mechanical & Manufacturing Engineering (SMME) School of Mechanical & Manufacturing Engineering (SMME)   12/16/2022 1 150.1986 SHA SMME-BB651 04/26/2025 02/03/2025 12/16/2022 Book Bank 3
© 2023 Central Library, National University of Sciences and Technology. All Rights Reserved.